The preference for the primitive : (Record no. 353312)
[ view plain ]
| 000 -LEADER | |
|---|---|
| fixed length control field | 01283 a2200277 4500 |
| 003 - CONTROL NUMBER IDENTIFIER | |
| control field | OSt |
| 005 - DATE AND TIME OF LATEST TRANSACTION | |
| control field | 20180116192401.0 |
| 008 - FIXED-LENGTH DATA ELEMENTS--GENERAL INFORMATION | |
| fixed length control field | 120702t xxu||||| |||| 00| 0 eng d |
| 010 ## - LIBRARY OF CONGRESS CONTROL NUMBER | |
| LC control number | 2008273394 |
| 020 ## - INTERNATIONAL STANDARD BOOK NUMBER | |
| International Standard Book Number | 0714846325 |
| 020 ## - INTERNATIONAL STANDARD BOOK NUMBER | |
| International Standard Book Number | 9780714846323 |
| 040 ## - CATALOGING SOURCE | |
| Transcribing agency | 0 |
| 082 ## - DEWEY DECIMAL CLASSIFICATION NUMBER | |
| Classification number | 709 |
| 100 1# - MAIN ENTRY--PERSONAL NAME | |
| Personal name | Gombrich, E. H. |
| 9 (RLIN) | 5020 |
| 245 14 - TITLE STATEMENT | |
| Title | The preference for the primitive : |
| Remainder of title | episodes in the history of Western taste and art / |
| Statement of responsibility, etc. | E.H. Gombrich. |
| 260 ## - PUBLICATION, DISTRIBUTION, ETC. | |
| Place of publication, distribution, etc. | London ; |
| -- | New York, NY : |
| Name of publisher, distributor, etc. | Phaidon Press, |
| Date of publication, distribution, etc. | 2006. |
| 300 ## - PHYSICAL DESCRIPTION | |
| Extent | 324 p. : |
| Other physical details | ill. ; |
| Dimensions | 25 cm. |
| 500 ## - GENERAL NOTE | |
| General note | Originally published: 2002. |
| 505 0# - FORMATTED CONTENTS NOTE | |
| Formatted contents note | Plato's preferences -- Interlude : progress or decline? -- The ascendancy of the sublime -- The pre-Raphaelite ideal -- The quest for spirituality -- The emancipation of formal values -- Interlude : new worlds and new myths -- The twentieth century: The lure of regression (1) ; The lure of regression (2) -- Primitive, in what sense? -- The study of antiquities. |
| 650 10 - SUBJECT ADDED ENTRY--TOPICAL TERM | |
| Topical term or geographic name entry element | Art |
| General subdivision | Themes, motives. |
| 9 (RLIN) | 5021 |
| 650 10 - SUBJECT ADDED ENTRY--TOPICAL TERM | |
| Topical term or geographic name entry element | Aesthetics. |
| 9 (RLIN) | 5022 |
| 650 10 - SUBJECT ADDED ENTRY--TOPICAL TERM | |
| Topical term or geographic name entry element | Primitivism in art. |
| 9 (RLIN) | 5023 |
| 856 41 - ELECTRONIC LOCATION AND ACCESS | |
| Materials specified | Table of contents |
| Uniform Resource Identifier | <a href="http://www.loc.gov/catdir/toc/fy0804/2008273394.html">http://www.loc.gov/catdir/toc/fy0804/2008273394.html</a> |
| 942 ## - ADDED ENTRY ELEMENTS (KOHA) | |
| Institution code [OBSOLETE] | SADA |
| Koha item type | Book |
| Call number prefix | 709 GOM 2006 |
| Source of classification or shelving scheme | |
| 952 ## - LOCATION AND ITEM INFORMATION (KOHA) | |
| -- | BOOK |
| Withdrawn status | Lost status | Source of classification or shelving scheme | Damaged status | Not for loan | Permanent Location | Current Location | Date acquired | Total Checkouts | Full call number | Barcode | Date last seen | Cost, replacement price | Price effective from | Koha item type |
|---|---|---|---|---|---|---|---|---|---|---|---|---|---|---|
| School of Art Design and Architecture (SADA) | School of Art Design and Architecture (SADA) | 06/28/2011 | 709 GOM 2006 | SADA0001421 | 08/05/2011 | 1919.00 | 08/05/2011 | Book |
